مكتبة جامعة عجلون الوطنية

فهرس بحث المكتبة

Normal view MARC view
  • Literary Criticim-Artistic Creation-Poetry-History Of The Arabs

Entry Topical Term

Number of records used in: 1

001 - CONTROL NUMBER

  • control field: 2711

003 - CONTROL NUMBER IDENTIFIER

  • control field: JO-AjAnu

005 - DATE AND TIME OF LATEST TRANSACTION

  • control field: 20230606070740.0

008 - FIXED-LENGTH DATA ELEMENTS

  • fixed length control field: 230606|| aca||aabn | a|a d

040 ## - CATALOGING SOURCE

  • Original cataloging agency: JO-AjAnu
  • Transcribing agency: JO-AjAnu

150 ## - HEADING--TOPICAL TERM

  • Topical term or geographic name entry element: Literary Criticim-Artistic Creation-Poetry-History Of The Arabs

670 ## - SOURCE DATA FOUND

  • Source citation: Work cat.: (JO-AjAnu)1419: Al- Majli,Jihad S, author 2710, Poetic Creativty In Arabic Literary Criticism:A Study Of Arabic Critical Views Up To The End Of The Century